Catholic University of Zimbabwe Library
Online Public Access Catalogue
(OPAC)

Historia general de México (Record no. 25502)

MARC details
000 -LEADER
fixed length control field 02000cam a22005174a 4500
001 - CONTROL NUMBER
control field muse77643
003 - CONTROL NUMBER IDENTIFIER
control field MdBmJHUP
005 - DATE AND TIME OF LATEST TRANSACTION
control field 20210127151344.0
006 - FIXED-LENGTH DATA ELEMENTS--ADDITIONAL MATERIAL CHARACTERISTICS
fixed length control field m o d
007 - PHYSICAL DESCRIPTION FIXED FIELD--GENERAL INFORMATION
fixed length control field cr||||||||nn|n
008 - FIXED-LENGTH DATA ELEMENTS--GENERAL INFORMATION
fixed length control field 181005s1977 mx o 00 0 spa d
020 ## - INTERNATIONAL STANDARD BOOK NUMBER
International Standard Book Number 9786076283295
020 ## - INTERNATIONAL STANDARD BOOK NUMBER
Canceled/invalid ISBN 6076283297
035 ## - SYSTEM CONTROL NUMBER
System control number (OCoLC)1055764308
040 ## - CATALOGING SOURCE
Original cataloging agency MdBmJHUP
Transcribing agency MdBmJHUP
043 ## - GEOGRAPHIC AREA CODE
Geographic area code n-mx---
050 #4 - LIBRARY OF CONGRESS CALL NUMBER
Classification number F1226
Item number .H57 1977eb
082 0# - DEWEY DECIMAL CLASSIFICATION NUMBER
Classification number 972
Edition number 22
245 00 - TITLE STATEMENT
Title Historia general de México
Number of part/section of a work Tomo 1
Statement of responsibility, etc. Bernado García Martinez [and others] ; Daniel Cosío Villegas, coordinador.
Number of part/section of a work Tomo 1
250 ## - EDITION STATEMENT
Edition statement Second edition
264 #1 - PRODUCTION, PUBLICATION, DISTRIBUTION, MANUFACTURE, AND COPYRIGHT NOTICE
Name of producer, publisher, distributor, manufacturer El Colegio de Mexico,
264 #3 - PRODUCTION, PUBLICATION, DISTRIBUTION, MANUFACTURE, AND COPYRIGHT NOTICE
Name of producer, publisher, distributor, manufacturer Project MUSE,
300 ## - PHYSICAL DESCRIPTION
Extent 1 online resource (1 online resource viii, 288 pages)
500 ## - GENERAL NOTE
General note Obra preparada por el Centro de Estudios Històricos--facing title page
506 0# - RESTRICTIONS ON ACCESS NOTE
Terms governing access Open Access
Standardized terminology for access restriction Unrestricted online access
Source of term star
588 0# - SOURCE OF DESCRIPTION NOTE
Source of description note Description based on print version record.
651 #0 - SUBJECT ADDED ENTRY--GEOGRAPHIC NAME
Geographic name Mexico.
Source of heading or term fast
Authority record control number or standard number (OCoLC)fst01211700
651 #0 - SUBJECT ADDED ENTRY--GEOGRAPHIC NAME
Geographic name Mexico
General subdivision History.
650 #0 - SUBJECT ADDED ENTRY--TOPICAL TERM
Topical term or geographic name entry element HISTORY / Latin America / Mexico
Source of heading or term bisacsh
655 #0 - INDEX TERM--GENRE/FORM
Genre/form data or focus term History.
Source of term fast
Authority record control number (OCoLC)fst01411628
655 #0 - INDEX TERM--GENRE/FORM
Genre/form data or focus term Electronic books.
Source of term lcgft
655 #0 - INDEX TERM--GENRE/FORM
Genre/form data or focus term Electronic books.
655 #7 - INDEX TERM--GENRE/FORM
Genre/form data or focus term Electronic books.
Source of term local
700 1# - ADDED ENTRY--PERSONAL NAME
Personal name Cosío Villegas, Daniel,
Dates associated with a name 1898-1976.
710 2# - ADDED ENTRY--CORPORATE NAME
Corporate name or jurisdiction name as entry element Project Muse.
Relator term distributor
710 2# - ADDED ENTRY--CORPORATE NAME
Corporate name or jurisdiction name as entry element Colegio de Mexico.
Subordinate unit Centro de Estudios Históricos.
776 18 - ADDITIONAL PHYSICAL FORM ENTRY
Relationship information Print version:
Title Historia general de Mexico. Tomo 1.
Edition 2a edition, 1a reim.
Place, publisher, and date of publication Mexico, D.F. : El Colegio de Mexico, 1977
Record control number (OCoLC)920972359
710 2# - ADDED ENTRY--CORPORATE NAME
Corporate name or jurisdiction name as entry element Project Muse.
Relator term distributor
830 #0 - SERIES ADDED ENTRY--UNIFORM TITLE
Uniform title Book collections on Project MUSE.
830 #0 - SERIES ADDED ENTRY--UNIFORM TITLE
Uniform title Book collections on Project MUSE.
856 40 - ELECTRONIC LOCATION AND ACCESS
Public note Full text available:
Uniform Resource Identifier <a href="https://muse.jhu.edu/book/67455/">https://muse.jhu.edu/book/67455/</a>
Holdings
Withdrawn status Lost status Source of classification or shelving scheme Damaged status Not for loan Home library Current library Shelving location Date acquired Total Checkouts Full call number Date last seen Uniform Resource Identifier Price effective from Koha item type
          Digital Library Digital Library Online Access 27.01.2021   F1226 .H57 1977eb 27.01.2021 https://muse.jhu.edu/book/67455/ 27.01.2021 eBook

OPENING HOURS

Weekdays: 0815hrs - 1800hrs
Weekends:0900hrs - 1200hrs

Closed for Mass:

Mon, Thur: 1200hrs - 1300hrs
Sunday & Public Holiday’s

CALL SUPPORT

0242-570570, 0242-570169
09200664, +263 8644140602

LOCATION

18443, Cranborne Avenue, Hatfield, Harare

Other Links


©2021 | CUZ Library